Samkhya-yoga epistemology / (Record no. 9921)

MARC details
000 -LEADER
fixed length control field 00756 a2200229 4500
010 ## - LIBRARY OF CONGRESS CONTROL NUMBER
LC control number ENG-89068
020 ## - INTERNATIONAL STANDARD BOOK NUMBER
International Standard Book Number 81246043715
Terms of availability 480.00
035 14 - SYSTEM CONTROL NUMBER
System control number EN-72601
037 1# - SOURCE OF ACQUISITION
Source of stock number/acquisition DBAD / PUB
082 14 - DEWEY DECIMAL CLASSIFICATION NUMBER
Classification number 181.43
090 ## - LOCALLY ASSIGNED LC-TYPE CALL NUMBER (OCLC); LOCAL CALL NUMBER (OCLC)
-- 10151
-- 10151
100 ## - MAIN ENTRY--PERSONAL NAME
Personal name Biswas, Mukta
245 1# - TITLE STATEMENT
Title Samkhya-yoga epistemology /
Statement of responsibility, etc by Mukta Biswas
260 ## - PUBLICATION, DISTRIBUTION, ETC. (IMPRINT)
Place of publication, distribution, etc New Delhi
Name of publisher, distributor, etc D.K. Printworld
Date of publication, distribution, etc 2007
270 ## - ADDRESS
Electronic mail address dkprintworld@vsnl.net
300 ## - PHYSICAL DESCRIPTION
Extent x, 244p.
Dimensions 23 cm ( Hb)
490 ## - SERIES STATEMENT
Series statement Contemporary researches in Hindu philosophy & religion; no. 15
500 ## - GENERAL NOTE
General note Includes bibliographical references and index
650 ## - SUBJECT ADDED ENTRY--TOPICAL TERM
Topical term or geographic name as entry element Sankhya
General subdivision Yoga
942 ## - ADDED ENTRY ELEMENTS (KOHA)
Institution code [OBSOLETE] dpl
Koha item type English Books
Call number prefix 181.43/ BIS
Holdings
Withdrawn status Lost status Source of classification or shelving scheme Damaged status Not for loan Collection code Home library Current library Source of acquisition Cost, normal purchase price Total Checkouts Barcode Date last seen Copy number Uniform Resource Identifier Cost, replacement price Price effective from Koha item type
    Dewey Decimal Classification   Not For Loan Non-fiction D.B.Act.Division D.B.Act.Division DBAD/PUB 480.00   EN-72601 15/09/2008 1 10933 480.00 15/09/2008 English Books

© Delhi Public Library
Hit Counter
free hit counter